| 000 | 00400nam a2200181Ia 4500 | ||
|---|---|---|---|
| 005 | 20250423095137.0 | ||
| 008 | 250422s9999 xx 000 0 und d | ||
| 020 | _a975-337-094-6 | ||
| 100 | _a Ulgen , Gulten | ||
| 245 | 0 | _aEgitim Psikolojisi | |
| 250 | _a3rd ed. | ||
| 260 | _aIstanbul | ||
| 260 | _bAlkim Yayinevi | ||
| 260 | _c1997 | ||
| 300 | _a320 p | ||
| 650 | _aTurkish | ||
| 942 | _cBK | ||
| 999 |
_c29374 _d29374 |
||